Na otázky odpovedá Ivan Bureš.

Marketing stavebných strojov. Funkcia reklamy v marketingovej stratégii spoločenských organizácií. Problematika podnikania škôl. Marketing v zdravotníctve.

Na minha lista:
Detalhes bibliográficos
Autor principal: Bureš, I.
Formato: Capítulo de Livro
Idioma:tcheco
Assuntos:
Tags: Adicionar Tag
Sem tags, seja o primeiro a adicionar uma tag!

MARC

LEADER 00000naa a2200000 4500
001 r011626
005 20220831085127.3
041 0 |a cze 
044 |a [CS] 
245 1 0 |a Na otázky odpovedá Ivan Bureš.  |c I. Bureš 
520 |a Marketing stavebných strojov. Funkcia reklamy v marketingovej stratégii spoločenských organizácií. Problematika podnikania škôl. Marketing v zdravotníctve. 
610 2 0 |a marketing 
610 2 0 |a stroje stavebné 
610 2 0 |a reklama 
610 2 0 |a organizácie spoločenské 
610 2 0 |a univerzity 
610 2 0 |a školy vysoké 
610 2 0 |a podnikanie 
610 2 0 |a zdravotníctvo 
100 1 |a Bureš, I.